logo

Bir Sreshtho Munshi Abdur Rouf Library
Jhenaidah Cadet College

The Cambridge encyclopedia / (Record no. 9794)

MARC details
000 -LEADER
fixed length control field 00827cam a2200265 a 4500
001 - CONTROL NUMBER
JCCL Control Number 9794
003 - CONTROL NUMBER IDENTIFIER
JCCL marc code BD-JhCC
005 - DATE AND TIME OF LATEST TRANSACTION
control field 20180401104034.0
008 - FIXED-LENGTH DATA ELEMENTS--GENERAL INFORMATION
fixed length control field 940425s1994 enkab be 000 0deng
020 ## - INTERNATIONAL STANDARD BOOK NUMBER
International Standard Book Number 0521444292 (hc)
035 ## - SYSTEM CONTROL NUMBER
system control number (BD-JhCC)9794
040 ## - CATALOGING SOURCE
Original cataloging agency DLC
Transcribing agency DLC
Modifying agency DLC
-- BD-JhCC
041 ## - LANGUAGE CODE
Language code of Book eng
050 00 - LIBRARY OF CONGRESS CALL NUMBER
Classification number AG5
Item number .C26 1994
082 00 - DEWEY DECIMAL CLASSIFICATION NUMBER
Classification number 032
DDC Edition number 20
Author mark and Year CAM 1994
245 04 - TITLE STATEMENT
Title The Cambridge encyclopedia /
Statement of responsibility, etc edited by David Crystal.
250 ## - EDITION STATEMENT
Edition statement 2nd ed.
260 ## - PUBLICATION, DISTRIBUTION, ETC. (IMPRINT)
Place of publication, distribution, etc Cambridge ;
-- New York :
Name of publisher, distributor, etc Cambridge University Press,
Date of publication, distribution, etc 1994.
300 ## - PHYSICAL DESCRIPTION
Pagination viii, 1347 p. :
Other physical details ill., maps (some col.) ;
Dimensions 30 cm.
650 #0 - SUBJECT ADDED ENTRY--TOPICAL TERM
Topical term or geographic name as entry element Encyclopedias and dictionaries.
700 1# - ADDED ENTRY--PERSONAL NAME
Personal name Crystal, David,
Dates associated with a name 1941-
856 42 - ELECTRONIC LOCATION AND ACCESS
Materials specified Publisher description
Uniform Resource Identifier http://www.loc.gov/catdir/description/cam026/94017426.html
942 ## - ADDED ENTRY ELEMENTS (KOHA)
Source of classification or shelving scheme Dewey Decimal Classification
Koha item type Reference
Holdings
Source of classification or shelving scheme Damaged status Not for loan Home library Current library Shelving location Date of accession Total Checkouts Full call number Barcode Date last seen Copy number Koha item type
Dewey Decimal Classification     JCC Rouf Library JCC Rouf Library General Stacks 04/01/2018   032 CAM 1994 13313 04/01/2018 C-1 Reference

JCC Library | Contacts | JCC Home

Last Update on 23 September 2017
Copyright @ 2017-2020 JCC Rouf Library
Rouf Library, Jhenidah Cadet College (JCC), Bangladesh